000
00262nam a2200121Ia 4500
005
20251222141946.0
008
251222s9999||||xx |||||||||||||| ||spa||
020
_a
88-7573-277-9
082
_a
458.61/U61G
245
0
_a
Dica 33:
264
_b
Bonacci
942
_c
LIB
999
_c
9525
_d
9525